000
00295nam a22001337a 4500
008
180823b xxu||||| |||| 00| 0 eng d
020
_a
9780534362744
041
_a
eng
080
_2
5 ED
_a
547
100
_a
12
101
_a
KIM
245
_a
ORGANIC CHEMISTRY
_c
MCMURRY.J
942
_2
udc
_c
BK
999
_c
47269
_d
47269